Statistiken für Schnelle Mathematik - Quadratzahlen Level 11

Klicken Sie hier um das Quiz zu spielen!

Allgemein

  • Dieses Quiz wurde 48 mal gespielt
  • Das Durchschnittsergebnis liegt bei 6 aus 20

Antwortstatistiken

FrageAntwort% Korrekt
10²100
100%
100²10000
100%
11²121
100%
16
100%
40²1600
100%
13²169
100%
14²196
100%
15²225
100%
36
100%
60²3600
100%
22²484
100%
49
100%
70²4900
100%
64
100%
80²6400
100%
81
100%
90²8100
100%
9
100%
99²9801
100%
50²2500
83%
20²400
67%
1
50%
35²1225
50%
42²1764
50%
25
50%
16²256
50%
56²3136
50%
75²5625
50%
51²2601
33%
65²4225
33%
26²676
33%
27²729
33%
24²576
25%
32²1024
0%
33²1089
0%
34²1156
0%
36²1296
0%
37²1369
0%
12²144
0%
38²1444
0%
39²1521
0%
41²1681
0%
43²1849
0%
44²1936
0%
45²2025
0%
46²2116
0%
47²2209
0%
48²2304
0%
49²2401
0%
52²2704
0%
53²2809
0%
17²289
0%
54²2916
0%
55²3025
0%
18²324
0%
57²3249
0%
58²3364
0%
59²3481
0%
19²361
0%
61²3721
0%
62²3844
0%
63²3969
0%
4
0%
64²4096
0%
66²4356
0%
21²441
0%
67²4489
0%
68²4624
0%
69²4761
0%
71²5041
0%
72²5184
0%
23²529
0%
73²5329
0%
74²5476
0%
76²5776
0%
77²5929
0%
78²6084
0%
79²6241
0%
25²625
0%
81²6561
0%
82²6724
0%
83²6889
0%
84²7056
0%
85²7225
0%
86²7396
0%
87²7569
0%
88²7744
0%
28²784
0%
89²7921
0%
91²8281
0%
29²841
0%
92²8464
0%
93²8649
0%
94²8836
0%
30²900
0%
95²9025
0%
96²9216
0%
97²9409
0%
98²9604
0%
31²961
0%

Verteilung der Resultate

Perzentil nach korrekt beantworteten Fragen

Anzahl Personen mit jedem Resultat

Ihre Resultats-Entwicklung

Sie haben dieses Quiz noch nicht gespielt